| 000 | 00393nam a2200169Ia 4500 | ||
|---|---|---|---|
| 001 | 20655 | ||
| 003 | IN-NITTTR | ||
| 005 | 20251114233236.0 | ||
| 008 | 251113s9999||||xx |||||||||||||| ||eng|| | ||
| 040 | _beng | ||
| 040 | _cIN-NITTTR | ||
| 041 | _aeng | ||
| 082 | _a519.52 C643S | ||
| 100 | _aCochran, William G. | ||
| 245 | 0 |
_aSampling techniques. / _cCochran, William G. |
|
| 942 |
_2ddc _cBK |
||
| 999 |
_c23285 _d23285 |
||